[Event "GBR-ch61 play-off"]
[Site "Llanelli"]
[Date "1974.12.21"]
[Round "7"]
[White "Mestel, A Jonathan"]
[Black "Hartston, William Roland"]
[Result "0-1"]
[WhiteElo "2270"]
[BlackElo "2480"]
[PlyCount "86"]
[EventDate "1974.12.14"]
[EventType "tourn"]
[EventRounds "7"]
[EventCountry "GBR"]
[SourceTitle "BritBase"]
[SourceQuality "2"]

1. e4 c5 2. Nf3 e6 3. d4 cxd4 4. Nxd4 Nf6 5. Nc3 d6 6. Be2 Be7 7. O-O a6 8. f4
Qc7 9. Kh1 Nbd7 10. Bf3 Nf8 11. f5 e5 12. Nde2 b5 13. Ng3 N8d7 14. Nh5 Nxh5 15.
Bxh5 Nf6 16. Nd5 Qc6 17. Bg5 Bb7 18. Bxf6 Bxf6 19. Qg4 Kf8 20. Rf3 Rc8 21. Nxf6
gxf6 22. Rg3 Qe8 23. Qh4 Ke7 24. Rg7 Rf8 25. Bf3 Rxc2 26. Rxh7 Qc6 27. h3 Rc4
28. Qf2 Qc5 29. Qe1 b4 30. Rd1 Rg8 31. Bh5 Rf8 32. Bf3 Rc2 33. Rh6 Rf2 34. Rc1
Rc2 35. Rd1 Rf2 36. Rc1 Rc2 37. Rxc2 Qxc2 38. Rxf6 Rh8 39. Qxb4 Kxf6 40. Qxd6+
Kg5 41. Qe7+ Kf4 42. Qxb7 Kg3 43. Qd5 Rxh3+ 0-1